El extraño caso del Dr. Jekyll y Mr. Hyde / (Registro nro. 11190)

Detalles MARC
000 -LIDER
fixed length control field 00912nam a22002897a 4500
001 - NÚMERO DE CONTROL
Identificador de número de control 00720
003 - IDENTIFICACDOR DE NÚMERO DE CONTROL
control field DO-SdBPM
005 - DATE AND TIME OF LATEST TRANSACTION
control field 20250114122910.0
007 - CAMPOS FIJOS DE DESCRIPCIÓN FÍSICA
fixed length control field 00720
008 - ELEMENTOS DE LONGITUD FIJA
fixed length control field 160706b2009 sp || 00| 0 spa d
020 ## - ISBN
International Standard Book Number 9788497645522
040 ## - FUENTE DE CATALOGACIÓN
Agencia que crea de manera original el registro DO-SdBPM
Idioma de catalogación spa
Agencia que realiza la transcripción BPMSU
082 #4 - NÚMERO DE CLASIFICACIÓN DECIMAL DE DEWEY
Classification number 823.8
Item number S847e 2009
Edition number 22
100 1# - ASIENTO PRINCIPAL -- NOMBRE PERSONAL
Nombre personal Stevenson, Robert Louis
Fechas asociadas con el nombre 1850-1894.
245 13 - MENCIÓN DE TITULO
Título El extraño caso del Dr. Jekyll y Mr. Hyde /
Mención de responsabilidad Robert Louis Stevenson; traducción Ana Pinedo Hay
260 ## - PUBLICACIÓN, DISTRIBUCIÓN, ETC. (PIE DE IMPRENTA)
Lugar de publicación, distribución, etc Madrid :
Nombre del editor, distribuidor, etc. Edimat Libros,
Fecha de publicación, distribución, etc 2009
Fecha de impresión
300 ## - DESCRIPCIÓN FÍSICA
Extensión 120 p. ;
Dimensiones 20 cm.
490 0# - MENCIÓN DE SERIES
Mención de serie Clásicos de la literatura
500 ## - NOTA GENERAL
Nota general Texto íntegro con introducción
590 ## - NOTA LOCAL
Texto de la nota local Inventariado, 2025/VM
650 #4 - ENCABEZAMIENTO DE MATERIA--TEMÁTICO
Término temático o nombre geográfico como elemento de entrada Novela juvenil inglesa
650 #4 - ENCABEZAMIENTO DE MATERIA--TEMÁTICO
Término temático o nombre geográfico como elemento de entrada Novela de suspenso
Subdivisión de forma
650 #4 - ENCABEZAMIENTO DE MATERIA--TEMÁTICO
Término temático o nombre geográfico como elemento de entrada Locura
Subdivisión de forma Novela juvenil
700 1# - ASIENTO SECUNDARIO -- NOMBRE PERSONAL
Nombre personal Pinedo Hay, Ana
Mención de responsabilidad traductora
910 ## - VALIDACIÓN
Validación VMateo V. Control de calidad. BPMSU
942 ## - ADDED ENTRY ELEMENTS (KOHA)
Source of classification or shelving scheme Dewey Decimal Classification
Koha item type Libros
Existencias
Withdrawn status Lost status Source of classification or shelving scheme Damaged status Not for loan Collection code Home library Current library Date acquired Source of acquisition Total Checkouts Full call number Barcode Date last seen Price effective from Koha item type
    Dewey Decimal Classification     Colección Juvenil General Biblioteca Pública Metropolitana Salomé Ureña Biblioteca Pública Metropolitana Salomé Ureña 08/26/2016 FUNDI   BPMSU CJG 823.8 S847e 2009 BPMSU16080235 08/26/2016 08/26/2016 Libros